<?xml version="1.0" encoding="UTF-8"?><?xml-stylesheet type="text/xsl" href="static/style.xsl"?><OAI-PMH xmlns="http://www.openarchives.org/OAI/2.0/" xmlns:xsi="http://www.w3.org/2001/XMLSchema-instance" xsi:schemaLocation="http://www.openarchives.org/OAI/2.0/ http://www.openarchives.org/OAI/2.0/OAI-PMH.xsd"><responseDate>2026-04-13T02:53:02Z</responseDate><request verb="GetRecord" identifier="oai:www.recercat.cat:20.500.14342/1721" metadataPrefix="marc">https://recercat.cat/oai/request</request><GetRecord><record><header><identifier>oai:recercat.cat:20.500.14342/1721</identifier><datestamp>2025-03-11T20:18:40Z</datestamp><setSpec>com_2072_482405</setSpec><setSpec>com_2072_183628</setSpec><setSpec>col_2072_482411</setSpec></header><metadata><record xmlns="http://www.loc.gov/MARC21/slim" xmlns:dcterms="http://purl.org/dc/terms/" xmlns:xsi="http://www.w3.org/2001/XMLSchema-instance" xmlns:doc="http://www.lyncode.com/xoai" xsi:schemaLocation="http://www.loc.gov/MARC21/slim http://www.loc.gov/standards/marcxml/schema/MARC21slim.xsd">
   <leader>00925njm 22002777a 4500</leader>
   <datafield ind2=" " ind1=" " tag="042">
      <subfield code="a">dc</subfield>
   </datafield>
   <datafield ind2=" " ind1=" " tag="720">
      <subfield code="a">Giralt Romeu, Mireia</subfield>
      <subfield code="e">author</subfield>
   </datafield>
   <datafield ind2=" " ind1=" " tag="720">
      <subfield code="a">Liesa, Eva</subfield>
      <subfield code="e">author</subfield>
   </datafield>
   <datafield ind2=" " ind1=" " tag="720">
      <subfield code="a">Mayoral Serrat, Paula</subfield>
      <subfield code="e">author</subfield>
   </datafield>
   <datafield ind2=" " ind1=" " tag="720">
      <subfield code="a">Becerril, Lorena</subfield>
      <subfield code="e">author</subfield>
   </datafield>
   <datafield ind2=" " ind1=" " tag="260">
      <subfield code="c">2020</subfield>
   </datafield>
   <datafield ind2=" " ind1=" " tag="520">
      <subfield code="a">This exploratory study consists of a description of which kind of key learning experiences student teachers’ have to face during their first practicum in schools and how they positioned&#xd;
their selves in these situations. Twenty-seven second-year student teachers were interviewed.&#xd;
Five key learning experiences were identified: classroom instruction, socialization, conflicting&#xd;
between pre-existing conceptions and the reality, classroom management, and diversity. Two&#xd;
kinds of positions were adopted by them when they faced these experiences: I as a student and&#xd;
I as a teacher. They positioned as students when they focused their attention on observing educational practices and fully and unreservedly accepting their mentors’ strategies and they positioned as teachers when they acted and made decisions with autonomy and applied the theoretical knowledge acquired. The difficulties students face in positioning themselves as teachers&#xd;
were found to relate to all the key learning experiences except for those connected to do with&#xd;
classroom instruction.</subfield>
   </datafield>
   <datafield ind2=" " ind1=" " tag="520">
      <subfield code="a">Este estudio exploratorio describe el tipo de experiencias clave de aprendizaje a las que se enfrentan los estudiantes docentes durante su primera práctica en las escuelas y cómo se posicionaron en estas situaciones. Veintisiete estudiantes de segundo año fueron entrevistados. Se&#xd;
identificaron cinco experiencias clave de aprendizaje: instrucción en el aula, socialización,&#xd;
conflicto entre las concepciones preexistentes y la realidad, gestión del aula e diversidad.&#xd;
Adoptaron dos tipos de posiciones ante las experiencias: yo como estudiante y yo como maestro/a. Se posicionaron como estudiantes cuando enfocaron su atención en observar las prácticas educativas, aceptando sin reservas las estrategias de sus mentores, y se posicionaron como&#xd;
maestros cuando actuaron y tomaron decisiones con autonomía y aplicaron el conocimiento&#xd;
teórico adquirido en los contextos universitarios. Los resultados muestran que las dificultades&#xd;
que enfrentan los estudiantes para posicionarse como maestros se relacionan con todas las experiencias clave de aprendizaje, excepto las relacionadas con la instrucción en el aula.</subfield>
   </datafield>
   <datafield ind1="8" ind2=" " tag="024">
      <subfield code="a">http://hdl.handle.net/20.500.14342/1721</subfield>
   </datafield>
   <datafield ind1="8" ind2=" " tag="024">
      <subfield code="a">https://doi.org/10.5565/rev/qpsicologia.1570</subfield>
   </datafield>
   <datafield tag="653" ind2=" " ind1=" ">
      <subfield code="a">Mestres -- Formació</subfield>
   </datafield>
   <datafield tag="653" ind2=" " ind1=" ">
      <subfield code="a">Pràctiques d'ensenyament</subfield>
   </datafield>
   <datafield tag="653" ind2=" " ind1=" ">
      <subfield code="a">Identitat</subfield>
   </datafield>
   <datafield ind2="0" ind1="0" tag="245">
      <subfield code="a">Experiencias clave de aprendizaje y posicionamiento de los estudiantes de magisterio en su primer Prácticum</subfield>
   </datafield>
</record></metadata></record></GetRecord></OAI-PMH>